| 000 -CABECERA |
| Longitud fija campo de control |
00879cas a22002177a 4500 |
| 003 - IDENTIFICADOR DEL NÚMERO DE CONTROL |
| Identificador del número de control |
OSt |
| 005 - FECHA Y HORA DE LA ÚLTIMA TRANSACCIÓN |
| Fecha y hora de la última transacción |
20231121124351.0 |
| 008 - CÓDIGOS DE INFORMACIÓN DE LONGITUD FIJA |
| Códigos de información de longitud fija |
170131s2000 sp |||||o 000 ||spa|d |
| 040 ## - FUENTE DE LA CATALOGACIÓN |
| Lengua de catalogación |
cat |
| Centro transcriptor |
CDMR |
| 245 10 - MENCIÓN DE TÍTULO |
| Título |
Datos EGM |
| Resto del título |
: resumen general [recurs electrònic] / |
| Mención de responsabilidad, etc. |
Asociación para la Investigación de Medios de Comunicación (AIMC) |
| 246 ## - VARIANTES DE TÍTULO |
| Título propio / Título en breve |
Datos del Estudio General de Medios : resumen general |
| 260 ## - PUBLICACIÓN, DISTRIBUCIÓN, ETC. (PIE DE IMPRENTA) |
| Lugar de publicación, distribución, etc. |
Madrid : |
| Nombre del editor, distribuidor, etc. |
Asociación para la Investigación de Medios de Comunicación, |
| Fecha de publicación, distribución, etc. |
2000 - |
| 310 ## - PERIODICIDAD ACTUAL |
| Periodicidad actual |
Anual |
| 362 ## - FECHAS DE PUBLICACIÓN Y/O DESIGNACIÓN SECUENCIAL |
| Fecha de publicación y/o designación secuencial |
2000- |
| 650 04 - PUNTO DE ACCESO ADICIONAL DE MATERIA - TÉRMINO DE MATERIA |
| Término de materia o nombre geográfico como elemento inicial |
Mitjans de comunicació de massa |
| Subdivisión de materia general |
Públic |
| Subdivisión geográfica |
Espanya |
| 650 00 - PUNTO DE ACCESO ADICIONAL DE MATERIA - TÉRMINO DE MATERIA |
| Término de materia o nombre geográfico como elemento inicial |
Teleespectadors |
| Subdivisión geográfica |
Espanya |
| 9 (RLIN) |
3121 |
| 650 00 - PUNTO DE ACCESO ADICIONAL DE MATERIA - TÉRMINO DE MATERIA |
| Término de materia o nombre geográfico como elemento inicial |
Ràdio |
| Subdivisión de materia general |
Oients |
| Subdivisión geográfica |
Espanya |
| 9 (RLIN) |
4179 |
| 710 2# - PUNTO DE ACCESO ADICIONAL - NOMBRE DE ENTIDAD |
| Nombre de entidad o nombre de jurisdicción como elemento inicial |
Asociación para la Investigación de Medios de Comunicación |
| 856 ## - LOCALIZACIÓN Y ACCESO ELECTRÓNICO |
| Identificador Uniforme del Recurso (URI) |
<a href="http://www.aimc.es/-Datos-EGM-Resumen-General-.html">http://www.aimc.es/-Datos-EGM-Resumen-General-.html</a> |
| Nota pública |
Accés en línia |
| 942 ## - ENTRADA DE ELEMENTOS AGREGADOS (KOHA) |
| Koha [por defecto] tipo de item |
Publicacions periòdiques en línia |
| Fuente de clasificaión o esquema |
|